000
00467nam a2200181Ia 4500
008
151018s9999 xx 000 0 und d
082
_b
RBASDV15646
_a
891.433
100
_a
गुलजार
245
_a
फरार
250
_b
1
260
_b
हिंद पॉकेट बुक्स
_c
1982
300
_a
141
600
_a
गुलजार
630
_a
फरार
700
_a
गुलजार
730
_a
फरार
942
_c
BOOK
999
_c
1016372
_d
1016369